Giới thiệu ứng dụng thực tiễn hệ thống thông tin tự do Grass Giss 6.0

Đã lưu trong:
Chi tiết về thư mục
Định dạng: Sách
Ngôn ngữ:Vietnamese
Được phát hành: Khoa học và kỹ thuật 2008
Các nhãn: Thêm thẻ
Không có thẻ, Là người đầu tiên thẻ bản ghi này!
Thư viện lưu trữ: Mạng thư viện Đại học Đà Nẵng
LEADER 00656nam a2200241 4500
001 000022488
003 18936
005 20150506100530.0
008 150506s2008 viesd
020 |c 00 
041 0 |a vie 
082 1 4 |a 910,285  |b Gi-T 
245 1 0 |a Giới thiệu ứng dụng thực tiễn hệ thống thông tin tự do Grass Giss 6.0  |c Bùi Hữu Hạnh 
260 |b Khoa học và kỹ thuật  |c 2008 
300 |a tr.  |c cm. 
OWN |a LSP 
999 |a From the UDN01 
TYP |a Monograph 
TYP |a Printed language 
980 |a Mạng thư viện Đại học Đà Nẵng